[Event "Dortmund Sparkassen op-B"]
[Site "Dortmund"]
[Date "2010.07.23"]
[Round "7"]
[White "Miggelbrink, Markus"]
[Black "Hansen, Jochen"]
[Result "0-1"]
[WhiteElo "1435"]
[BlackElo "1347"]
[PlyCount "68"]
[EventDate "2010.07.17"]
[EventType "swiss"]
[EventRounds "9"]
[EventCountry "GER"]
[SourceTitle "EXT 2014"]
[Source "ChessBase"]
[SourceDate "2013.11.20"]
[SourceVersion "1"]
[SourceVersionDate "2013.11.20"]
[SourceQuality "1"]

1. d4 d5 2. Nf3 Nf6 3. e3 e6 4. Bd3 Be7 5. Nbd2 Nbd7 6. c3 c5 7. 0-0 0-0 8. Qe2 b6 9. e4 dxe4 10. Nxe4 Bb7 11. Nxf6+ Nxf6 12. dxc5 Bxc5 13. Bg5 Be7 14. Rfd1 Qc7 15. Bxf6 Bxf6 16. Bc2 Qc6 17. Qd3 g6 18. Qd7 Rad8 19. Qxc6 Bxc6 20. Rxd8 Rxd8 21. Rd1 Bxf3 22. Rxd8+ Bxd8 23. gxf3 Bc7 24. Kg2 Kf8 25. h4 h5 26. a3 Bf4 27. b3 Ke7 28. c4 a5 29. Kf1 Bh2 30. a4 Kd6 31. Ke2 Ke5 32. Kd1 Bf4 33. Ke2 Kd4 34. Bd1 Kc3 0-1

[Event "Dortmund Sparkassen op-B"]
[Site "Dortmund"]
[Date "2010.07.19"]
[Round "3"]
[White "Miggelbrink, Markus"]
[Black "Kartsev, Nikolaj"]
[Result "1-0"]
[WhiteElo "1435"]
[BlackElo "886"]
[PlyCount "67"]
[EventDate "2010.07.17"]
[EventType "swiss"]
[EventRounds "9"]
[EventCountry "GER"]
[SourceTitle "EXT 2014"]
[Source "ChessBase"]
[SourceDate "2013.11.20"]
[SourceVersion "1"]
[SourceVersionDate "2013.11.20"]
[SourceQuality "1"]

1. d4 d5 2. Nf3 Nc6 3. e3 Nf6 4. c4 Nb4 5. Qa4+ Qd7 6. Qxb4 e6 7. Qb3 Be7 8. Nc3 0-0 9. cxd5 exd5 10. Ne5 Qd6 11. Bd2 c6 12. Be2 b5 13. a3 Rb8 14. Qc2 Rb6 15. 0-0 Bd8 16. Nd1 Bc7 17. Bb4 Qd8 18. Bxf8 Qxf8 19. Rc1 Qd6 20. Qc5 Qe6 21. Nf3 Ne4 22. Qc2 Qg6 23. g3 f5 24. Ne5 Bxe5 25. dxe5 d4 26. Bd3 Nxg3 27. fxg3 dxe3 28. Nxe3 h5 29. Bxf5 Qg5 30. Qb3+ Kh8 31. Bxc8 h4 32. Rf8+ Kh7 33. Bf5+ Kh6 34. Rh8# 1-0

[Event "Dortmund Sparkassen op-B"]
[Site "Dortmund"]
[Date "2010.07.18"]
[Round "2"]
[White "Schlepuetz, Volker"]
[Black "Miggelbrink, Markus"]
[Result "1/2-1/2"]
[WhiteElo "1376"]
[BlackElo "1435"]
[PlyCount "26"]
[EventDate "2010.07.17"]
[EventType "swiss"]
[EventRounds "9"]
[EventCountry "GER"]
[SourceTitle "EXT 2014"]
[Source "ChessBase"]
[SourceDate "2013.11.20"]
[SourceVersion "1"]
[SourceVersionDate "2013.11.20"]
[SourceQuality "1"]

1. c4 e6 2. Nc3 d5 3. cxd5 exd5 4. d4 Nf6 5. Bg5 Be7 6. Qb3 c6 7. e3 0-0 8. Bd3 Nbd7 9. Nf3 h6 10. Bh4 Re8 11. 0-0 Ne4 12. Bxe7 Rxe7 13. Qc2 Nef6 1/2-1/2